|
|
|
|
| LEADER |
01569nam a2200325 a 4500 |
| 001 |
219637995 |
| 008 |
110731s2000 bg ab b f001 0 eng d |
| 999 |
|
|
|c 11177
|d 11177
|
| 010 |
|
|
|a 2001435819
|
| 020 |
|
|
|a 9843111443
|
| 040 |
|
|
|a DLC
|c DLC
|d CUY
|d BD-DhAAL
|
| 042 |
|
|
|a lcode
|
| 043 |
|
|
|a a-bg---
|
| 082 |
0 |
0 |
|a 954.923
|2 21
|
| 100 |
0 |
|
|a Imam, Abu
|9 25197
|
| 245 |
1 |
0 |
|a Excavations at Mainamati :
|b an exploratory study /
|c by Abu Imam ; general editor, Enamul Haque.
|
| 260 |
|
|
|a Dhaka :
|b The International Centre for Study of Bengal Art,
|c c2000.
|
| 300 |
|
|
|a 189 pages :
|b illustrations (some color), maps ;
|c 29 cm.
|
| 490 |
1 |
|
|a Studies in Bengal art series ;
|v no. 2
|
| 504 |
|
|
|a Includes bibliographical references (p. [179]-185) and index.
|
| 541 |
|
|
|e 00010121
|
| 650 |
|
0 |
|a Excavations (Archaeology)
|z Bangladesh
|z Mainamati.
|9 25198
|
| 651 |
|
0 |
|a Mainamati (Bangladesh)
|x Antiquities.
|9 25199
|
| 700 |
1 |
|
|a Haque, Enamul,
|d 1936-
|9 25200
|
| 710 |
2 |
|
|a International Centre for Study of Bengal Art.
|9 25201
|
| 830 |
0 |
|
|a Studies in Bengal art series ;
|v no. 2
|9 25202
|
| 852 |
1 |
|
|a Ayesha Abed Library
|c General Stacks
|
| 942 |
|
|
|2 ddc
|c BK
|
| 952 |
|
|
|0 0
|1 0
|2 ddc
|4 0
|6 954_923000000000000_IMA
|7 0
|9 17763
|a BRACUL
|b BRACUL
|c GEN
|d 2011-08-03
|l 0
|o 954.923 IMA
|p 3010010121
|r 2011-08-03
|t 1
|w 2011-08-03
|y BK
|
| 952 |
|
|
|0 0
|1 0
|2 ddc
|4 0
|6 954_923000000000000_IMA
|7 0
|9 62984
|a BRACUL
|b BRACUL
|c GEN
|d 2018-03-20
|e Complimentary copy from the International Centre for Study of Bengal Art.
|l 1
|m 5
|o 954.923 IMA
|p 3010032772
|r 2018-09-18
|s 2018-08-14
|t 2
|w 2018-03-20
|y BK
|